000 00583nam a2200205 a 4500
001 57958
003 BD-RjUL
005 20211209080553.0
008 161212s1952 ii 000 0 eng d
035 _a(BD-RjUL)58082
040 _aANL
_beng
_cBD-RjUL
_dANL
041 _aeng
082 _223
_a809
_bHES 1952
100 1 _aHenkl, Rolf
_9172136
245 1 4 _aThe study of comparative literature /
_cRolf Henkl
260 _aCalcutta :
_bUniversity of Calcutta,
_c1952.
300 _a61p. :
_c22 cm.
650 0 _aComparative literature
_xStudy and teaching.
_9172137
942 _2ddc
_cBK
999 _c57958
_d57958